000 00505nam a22001697a 4500
999 _c17655
_d17655
003 AR-CdUCM
008 190509b ||||| |||| 00| 0 spa d
040 _aMUNICIPALIDAD PROVINCIAL DEL CUSCO
_cBIBLIOTECA MUNICIPAL DEL CUSCO
082 _a823 /
_bW44
100 _aWells, H. G.
_918489
245 _aEl país de los ciegos y otras narraciones /
260 _aChie :
_bChas,
_c1922.
300 _a193 páginas ;
_c18 cm.
505 _aLiteratura. -- Narraciones.
942 _2ddc
_cLIBROS
945 _awfj